000 00877cam a22002891 4500
001 31629
003 BD-RjUL
005 20211209051728.0
008 140421s1959 miua 000 0 eng
035 _a(BD-RjUL)31717
035 _a(OCoLC)373912
040 _aDLC
_cODaWU
_dOCoLC
_dDLC
_dBD-RjUL
_beng
041 _aeng
082 0 0 _a261.75
_bEVO 1959
245 1 0 _aEvolution and Christian thought today /
_cEdited by R.L. Mixter... [et al.]
250 _a1st ed.]
260 _aGrand Rapids :
_bEerdmans,
_c1959.
300 _a224 p. :
_billus., diagrs. ;
_c24 cm.
504 _aBibliographical footnotes.
650 0 _aEvolution.
_996244
650 0 _aReligion and science.
_996245
700 1 _aAnderson, V. Elving
_q(Victor Elving),
_d1921-
_996246
700 1 _aMixter, Russell Lowell,
_996247
942 _2ddc
_cBK
999 _c31629
_d31629